000
00281nam a22001337a 4500
003
SGT
020
_a
9788171325139
082
_a
649.1,DAT
100
_a
DATTA ,NEHA.
245
_a
GOOD PARENTING
260
_a
JAIPUR
_b
POINTER PUBLISHARS
_c
2015
300
_a
300
942
_2
ddc
_c
BK
999
_c
33741
_d
33741